000 01130cab a22002295a 4500
001 L154290
008 111109e20111105xxk 000 0 eng d
035 _a(Sirsi) u154290
041 0 _aeng
100 1 _aPilkington, Lisa
245 0 0 _aFocus
_bWest Midlands
260 _c2011
490 _aEstates Gazette
_v(1144) 5 November 2011, 77-97(16)
520 _aInterview with Local Government Minister Bob Neill. Measures the take up of new offices in Birmingham and notes the revival of car manufacturing in West Midlands. Profiles Bob Tattrie of Trebor Developments and two new enterprise zones Black Country and Birmingham. Interviews with five women who work in the property in the West Midlands. Market health check measures Birmingham's offices take-up, availability and rents. Industrial take up and availability and retail rents in Birmingham, Coventry, Solihull, Wolverhampton and Walsall.
590 _aKA
651 4 _aWest Midlands
690 _aPROPERTY-COMMERCIAL PROPERTY-COMMERCIAL PROPERTY MARKET
700 1 _aClarkson, Melanie
700 1 _aThame, David
700 1 _aMeadwell, Stacey
942 _n0
999 _c83558
_d83558